City by Picture 3 (USA) - Statistics

General Stats
  • This quiz has been taken 70 times
  • The average score is 5 of 7
Answer Stats
Picture Answer % Correct
New York City
98%
Chicago
94%
Washington DC
94%
Seattle
91%
Orlando
87%
San Francisco
51%
San Diego
34%
No matching quizzes found
Score Distribution
Percent of People with Each Score
Percentile by Number Answered
Your Score History
You have not taken this quiz